Statistics for World Geography on a Map #4

Click here to take the quiz!

General Stats

  • This quiz has been taken 3,526 times
  • The average score is 19 of 25

Answers on the Map

Answers color-coded by a green-red scale on the quiz's map according to % correct below.
Loading ...
 

Answer Stats

GroupAnswer% Correct
CountryParaguay
97%
CountryLibya
96%
CityMoscow
93%
Mountain RangeThe Alps
93%
Mountain RangeHimalayas
91%
CountryBotswana
90%
Former CountryYugoslavia
89%
CityPerth
88%
SeaRed Sea
88%
CityBogota
87%
CityBangkok
87%
Mountain RangeRocky Mountains
87%
LakeCaspian Sea
84%
Former CountryCzechoslovakia
84%
LakeMichigan
80%
IslandJava
77%
IslandSardinia
75%
IslandHokkaido
67%
Former CountryNorth Vietnam
65%
IslandBaffin
63%
LakeMalawi
56%
IslandLuzon
54%
SeaGulf of Guinea
46%
SeaNorwegian Sea
44%
LakeGreat Bear
35%

Score Distribution

Percentile by Number Answered

Percent of People with Each Score

Your Score History

You have not taken this quiz